01545nab a22002417a 4500003000400000005001700004008004100021040000700062100002200069245014700091260007300238300001300311500003500324505047500359505011200834505008200946650001801028650002801046650002601074650002301100700003101123773014901154OSt20251218075405.0190429b xxu||||| |||| 00| 0 spa d cPJ aVitale, Federica 10aMás allá de las palabras : bla perspectiva de género como desafío transversal para la justicia /cFederica Vitale, Clara Camilletti. cCiudad Autónoma de Buenos Aires :aThomson Reuters La Ley, b2025. ap. 68-73 aCita: TR LALEY AR/DOC/412/2025 aSumario: I. El tribunal de Casación de la Provincia de Buenos Aires anuló el veredicto de culpabilidad de un jurado popular y ordenó un nuevo juicio.— II. El rol crucial de las instrucciones finales en los juicios por jurado. La importancia de la perspectiva de género en el ámbito de la justicia y, especialmente, en el caso de mujeres acusadas.— III. Un camino que se debe seguir construyendo.— IV. Conclusión: oportunidad para dar el siguiente paso. aFallo comentado: TCasación Penal, Buenos Aires, sala I ~ 15/08/2024 ~ B., S. F. s/ recurso de casación. tSi te interesa el texto completo, solicitalo a koha@justierradelfuego.gov.ar  0aDERECHO PENAL 0aPERSPECTIVA DE GÉNERO 0aVIOLENCIA DE GÉNERO 0aJUICIO POR JURADOS aCamilletti, Claraecoautor0 02658tRevista de derecho penal y criminología. Nº 3 - Abril 2025dCiudad Autónoma de Buenos Aires : Thomson Reuters La Ley, 2017-x00347914